| 000 | 00788nam a2200205Ii 4500 | ||
|---|---|---|---|
| 003 | JO-AjNU | ||
| 008 | 230605s9999||||xx |||||||||||||| ||und|| | ||
| 040 |
_aJO-AjNU _bara _erda _cJO-AjNU |
||
| 041 | _aara | ||
| 050 | 1 | 4 | _aJC571.2008 |
| 100 | 3 |
_aمخادمة ،محمد علي ،مؤلف, _eauthor _921338 |
|
| 245 | 0 | 0 | _aحقوق الانسان في النظام القانوني الاردني والدولي |
| 250 | _aط1 | ||
| 264 | 3 | 1 | _aمحمد علي مخادمة ،2008 |
| 300 | _a199ص | ||
| 336 |
_atext _btxt _2rdacontent |
||
| 337 |
_aunmediated _bn _2rdamedia |
||
| 338 |
_avolume _bnc _2rdacarrier |
||
| 650 | 4 |
_aالتدخل الانساني - العلاقات الدولية - حقوق الانسان (قانون دولى) - التدخل (قانون دولي) _921339 |
|
| 999 |
_aA7395 _c10963 _d10963 |
||